| 000 | 00889nmc a2200313 a 4500 | ||
|---|---|---|---|
| 003 | AR-BaBNM | ||
| 005 | 20251128211045.0 | ||
| 008 | 092020s2002 ||||||||||||||000 | spa|| | ||
| 020 | _a950-12-4514-4 | ||
| 040 | _cAR-BaBNM | ||
| 100 | 1 | _aCarballeda, Alfredo J. | |
| 245 | 1 | 0 |
_aLa intervención en lo social _bexclusión e integración en los nuevos escenarios sociales |
| 250 | _a1ª ed. | ||
| 260 |
_aBuenos Aires _bPaidós _c2002 |
||
| 300 | 0 | _a163 p. | |
| 490 | 0 | _aTramas Sociales | |
| 504 | _aContiene referencias bibliográficas p. 159-163 | ||
| 650 | 4 | _aTRABAJO SOCIAL | |
| 650 | 4 | _aINTERVENCION DEL ESTADO | |
| 650 | 4 | _aCAMBIO SOCIAL | |
| 650 | 4 | _aMARGINALIDAD SOCIAL | |
| 650 | 4 | _aCRISIS POLITICAS | |
| 650 | 4 | _aINSTITUCIONES SOCIALES | |
| 650 | 4 | _aINTEGRACION SOCIAL | |
| 653 | _aMODERNIDAD | ||
| 800 | 1 | _aGojman, Irene | |
| 942 | _cBK | ||
| 998 | _craquel | ||
| 999 |
_c18043 _d18043 |
||